Technology transfer through collaboration between large multinational companies and small or medium-sized companies in Singapore /
محفوظ في:
| المؤلف الرئيسي: | |
|---|---|
| التنسيق: | أطروحة كتاب |
| اللغة: | English |
| منشور في: |
1988.
|
| الموضوعات: | |
| الوسوم: |
إضافة وسم
لا توجد وسوم, كن أول من يضع وسما على هذه التسجيلة!
|
| LEADER | 00956nam a2200253 4500 | ||
|---|---|---|---|
| 001 | u85964 | ||
| 003 | SIRSI | ||
| 008 | 890821s1988 si v 0 eng | ||
| 015 | |a X890085635 | ||
| 035 | |a AAJ-3532 | ||
| 040 | |a UMM | ||
| 043 | |a a-si--- | ||
| 090 | 0 | 0 | |a HD2903 |b Lie |
| 100 | 1 | 0 | |a Liew, Nicholas Soon Kheng |
| 245 | 1 | 0 | |a Technology transfer through collaboration between large multinational companies and small or medium-sized companies in Singapore / |c by Nicholas Liew Soon Kheng |
| 260 | |c 1988. | ||
| 300 | |a v, 115 leaves ; |c 29cm | ||
| 502 | |a Dissertation (M.B.A.) -- National University of Singapore, 1988 | ||
| 504 | 0 | 0 | |a Bibliography: leaves 111-115 |
| 650 | 0 | |a Technology transfer |z Singapore |x Case studies | |
| 650 | 0 | |a International business enterprises |z Singapore |x Subcontracting |x Case studies | |
| 948 | |a 17/03/1991 |b 17/03/1991 | ||
| 596 | |a 1 | ||
| 999 | |a HD2903 LIE |w LC |c 1 |i A010601726 |d 7/12/1999 |l STACKS |m P01UTAMA |n 4 |r Y |s Y |t TESIS |u 24/10/1991 | ||
